| LEADER |
00955nam0a2200217 450 |
| 001 |
16838923 |
| 010 |
|
|
|a 978-2-37888-169-6
|b rel.
|d 18
|
| 100 |
|
|
|a 20220218d2022 u u0frey01 ba
|
| 101 |
1 |
|
|a fre
|c eng
|
| 102 |
|
|
|a FR
|
| 200 |
0 |
|
|a Cette maison est hantée
|f Oliver Jeffers
|g [texte traduit de l'anglais (Royaume-Uni) par Rosalind Elland-Goldsmith] - traduit de l'anglais par Rosalind Elland-Goldsmith
|
| 207 |
|
1 |
|a
|
| 210 |
|
|
|a Paris
|b 11, rue de Sèvres
|c Ecole des loisirs
|d 2022
|
| 215 |
|
|
|a 1 vol. (non paginé [81] p.)
|c ill. en coul.
|d 34 cm
|
| 225 |
1 |
|
|a kaléidoscope
|
| 330 |
|
|
|a Une petite fille part à la chasse aux fantômes dans sa maison. Avec superposition de papier calque Electre 2022
|
| 700 |
|
0 |
|a Jeffers
|b Oliver
|f 1977-....
|4 70
|
| 702 |
|
0 |
|a Elland-Goldsmith
|b Rosalind
|f 1980 -....
|4 730
|
| 900 |
|
|
|a Album
|
| 901 |
|
|
|a Accessible au prêt
|
| 995 |
|
|
|a Bibliothèque
|c Bibliothèque
|f 024022180
|h 024022180
|k A JEF
|o p
|q j
|r az
|e Bibliothèque
|